00700nam a2200193 i 450000100060000000300090000600500170001500700030003200800410003510000270007624500850010325000350018826000390022330000450026270000280030785200320033599900170036795201220038492387ES-MaACL20230906180947.0t|050307s1967 sp ||||1| spa d1 aLilley, Samuel.97228810aHombres, máquinas e historia / cSamuel Lilley; [traducción Gregorio Ortiz]. a[2ª ed. revisada y ampliada]. aMadrid : bCiencia Nueva, c[1967] a359 p. : b1 lám. ret. aut. ; c22 cm.1 aOrtiz, Gregorio.987559 aES-MaACLjC-32309 bR.62455 c92387d92387 00104070aATENEOMbATENEOMcDEPO2d2008-01-17eSCl0oC-32309p1096453r2023-02-23 00:00:00w2023-02-23yMONOGRAFIA